| 000 | 01554 a2200205 4500 | ||
|---|---|---|---|
| 003 | NUST | ||
| 005 | 20221228131201.0 | ||
| 010 | _a33019342 | ||
| 040 | _cNust | ||
| 082 | _a355.4,COL | ||
| 100 |
_aCole, David Henry _9106206 |
||
| 245 |
_aImperial military geography : _b"general characteristics of the empire in relation to defence" / _cMajor D. H. Cole |
||
| 250 | _a8th ed. | ||
| 260 |
_aS. Praed & co., ltd _bLondon, _c1935 |
||
| 300 |
_aix, 408 p.; _bmaps (part fold.) _c22 cm |
||
| 505 | _aThe Problems of Imperial Defense (Page-1), The Political Organization of the Empire (Page-5), The Defense force of the Empire (Page-24), Population and War (Page-41), A general Survey of Materials Resources (Page-480), Great Brittan and the Home Waters (Page-75), Sea Routes and Naval Bases (Page-87), The Mediterranean and Indian Ocean (Page-96), The Atlantic Ocean and the Caribbean Sea (Page-121), The Pacific Ocean and Its Problems (Page-138), The Air routes of the British Empire (Page-170), Cables and Wireless (Page-180), Canada and Newfoundland (Page-189), Australia and New Zeeland (Page-208), The Union of South Africa (Page-234), British Possessions in east and West Africa (Page-249), Egypt and the Anglo Egyptian Sudan (Page-280), Palestine Iraq Arabia and The Persian Gulf (Page-305), India (Page-335), The Treaty Obligations of great Britain (Page-379). | ||
| 600 |
_aCole, David Henry _9106206 |
||
| 650 |
_aImperial military geography;" general characteristics of the empire in relation to defence" _9106207 |
||
| 942 |
_2ddc _cBK _k355.4,COL |
||
| 999 |
_c185737 _d185737 |
||